01331nam a2200325Ia 4500001001200000003000800012006001900020007001500039008004100054020001800095020001800113040002100131035002100152050002500173100002000198240004000218245015000258260004400408300001900452500008900471504004100560533015200601650002600753650001600779655002900795700002100824710001700845856012600862999001700988ebr10620566CaPaEBRm u cr cn|||||||||121113s2012 gw a sb 000 0 eng d z9783631636190 z9783653017465 aCaPaEBRcCaPaEBR a(OCoLC)82081537714aHD69.C6bO743 2012eb1 aSaam, Nicole J.10aOrganisation und Beratung.lEnglish10aOrganization and consultationh[electronic resource] :ba textbook on foundations and theories /cNicole J. Saam ; translated by Gordon C. Wells. aFrankfurt am Main :bPeter Lang,c2012. a256 p. :bill. aTranslation of: Organisation und Beratung : ein Lehrbuch zu Grundlagen und Theorien. aIncludes bibliographical references. aElectronic reproduction.bPalo Alto, Calif. :cebrary,d2011.nAvailable via World Wide Web.nAccess may be limited to ebrary affiliated libraries. 0aBusiness consultants. 0aManagement. 7aElectronic books.2local1 aWells, Gordon C.2 aebrary, Inc.40uhttp://site.ebrary.com/lib/rucke/Doc?id=10620566zAn electronic book accessible through the World Wide Web; click to view c73882d73882